<?xml version="1.0" encoding="UTF-8"?>
<record
    xmlns:xsi="http://www.w3.org/2001/XMLSchema-instance"
    xsi:schemaLocation="http://www.loc.gov/MARC21/slim http://www.loc.gov/standards/marcxml/schema/MARC21slim.xsd"
    xmlns="http://www.loc.gov/MARC21/slim">

  <leader>02263nam a22002417a 4500</leader>
  <controlfield tag="005">20240305165608.0</controlfield>
  <controlfield tag="007">cr||||   |||| </controlfield>
  <controlfield tag="008">210618t2018    co |||||s|||| 00||0 spa d</controlfield>
  <datafield tag="020" ind1=" " ind2=" ">
    <subfield code="a">978-958-762-868-5</subfield>
  </datafield>
  <datafield tag="035" ind1=" " ind2=" ">
    <subfield code="a">33434</subfield>
  </datafield>
  <datafield tag="040" ind1=" " ind2=" ">
    <subfield code="a">vLex</subfield>
  </datafield>
  <datafield tag="090" ind1=" " ind2=" ">
    <subfield code="c">11818</subfield>
    <subfield code="d">11818</subfield>
  </datafield>
  <datafield tag="245" ind1="0" ind2="0">
    <subfield code="a">Marketing y plan de negocio de la microempresa</subfield>
    <subfield code="h">[Recurso electr&#xF3;nico] :</subfield>
    <subfield code="b">Planificaci&#xF3;n e iniciativa emprendedora en peque&#xF1;os negocios o microempresas</subfield>
  </datafield>
  <datafield tag="256" ind1=" " ind2=" ">
    <subfield code="a">Servicio en l&#xED;nea</subfield>
  </datafield>
  <datafield tag="260" ind1=" " ind2=" ">
    <subfield code="a">Bogot&#xE1;:</subfield>
    <subfield code="b">Ediciones de la U,</subfield>
    <subfield code="c">2018</subfield>
  </datafield>
  <datafield tag="300" ind1=" " ind2=" ">
    <subfield code="a">1 recurso electr&#xF3;nico</subfield>
  </datafield>
  <datafield tag="500" ind1=" " ind2=" ">
    <subfield code="a">Todo el mundo habla del marketing, de lo importante qu&#xE9; es, de lo que puede influir a la hora de decidirnos por un producto, incluso aunque no lo necesitemos. Hay quien dice que todo en la sociedad es ?marketing?, que las empresas hacen marketing para convencernos de que compremos sus productos, que los pol&#xED;ticos utilizan el marketing para ?venderse?, encontramos ?marketing? cuando entramos a una importante cadena de restaurantes, o a un centro comercial? y tambi&#xE9;n se le atribuyen capacidades casi sobrenaturales: el poder de hacernos creer en cosas que antes no cre&#xED;amos, de convencernos para hacer algo que no pens&#xE1;bamos hacer previamente, de cambiar incluso nuestros pensamientos. Este libro proporciona un conocimiento global del &#xE1;rea que genera negocio: el marketing.  Le ense&#xF1;a a planificar todo lo relativo a las estrategias generales de marketing, brindando un conocimiento t&#xE9;cnico del marketing mix (producto, precio, comunicaci&#xF3;n y distribuci&#xF3;n), as&#xED; como aprender a dise&#xF1;ar y planificar la pol&#xED;tica de producto de la empresa o negocio y crear un plan de comunicaci&#xF3;n para la marca y productos.</subfield>
  </datafield>
  <datafield tag="506" ind1="1" ind2=" ">
    <subfield code="a">Disponible solo en los productos indicados</subfield>
    <subfield code="d">vLex Global</subfield>
    <subfield code="d">vLex Global (Academic Edition, excluding Law Schools)</subfield>
    <subfield code="d">vLex Global (U.S. Academic Edition, Law Schools)</subfield>
    <subfield code="d">vLex Global (U.S. Academic Edition, excluding Law Schools)</subfield>
    <subfield code="d">vLex Global (Academic Edition, Law Schools)</subfield>
  </datafield>
  <datafield tag="650" ind1="0" ind2="4">
    <subfield code="a">Marketing</subfield>
    <subfield code="z">Colombia</subfield>
  </datafield>
  <datafield tag="740" ind1="0" ind2=" ">
    <subfield code="a">vLex Libros (Servicio en l&#xED;nea)</subfield>
  </datafield>
  <datafield tag="856" ind1="4" ind2="0">
    <subfield code="u">https://vlex.com/source/marketing-y-plan-de-negocio-de-la-microempresa-planificacion-e-iniciativa-emprendedora-en-peque-os-negocios-o-microempresas-33434</subfield>
  </datafield>
  <datafield tag="942" ind1=" " ind2=" ">
    <subfield code="c">RAA</subfield>
  </datafield>
  <datafield tag="952" ind1=" " ind2=" ">
    <subfield code="0">0</subfield>
    <subfield code="1">0</subfield>
    <subfield code="4">0</subfield>
    <subfield code="7">0</subfield>
    <subfield code="8">VLEX</subfield>
    <subfield code="9">328007</subfield>
    <subfield code="a">BD-UIN</subfield>
    <subfield code="b">BD-UIN</subfield>
    <subfield code="d">2024-03-05</subfield>
    <subfield code="l">0</subfield>
    <subfield code="p">33434</subfield>
    <subfield code="r">2024-03-05</subfield>
    <subfield code="w">2024-03-05</subfield>
    <subfield code="y">RAA</subfield>
  </datafield>
  <datafield tag="999" ind1=" " ind2=" ">
    <subfield code="c">170054</subfield>
    <subfield code="d">170054</subfield>
  </datafield>
</record>
